000 00459nam a2200181Ia 4500
001 7556
005 20260306160504.0
008 260306t2008||||xx |||||||||||||| ||spa||
041 _aESP
082 _a351
_bA48 2008
100 _aAlvarado Mairena, José
_eAUT
245 0 _aGestión de abastecimientos en la administración pública
260 _c2008
300 _a766 páginas :
_c24 cm.
650 _aGEN
654 _aCAN
942 _cLIB
_dJUS
_fJUS
_2ddc
_n
999 _c7556
_d7556